Sorularla vergi mevzuatı ve yatırım teşvikleri rehberi (Record no. 5546)

MARC details
000 -BAŞLIK
Sabit Uzunlukta Kontrol Alanı 00798na a2200253 4500
001 - KONTROL NUMARASI
Denetim Alanı 18578
003 - KONTROL NUMARASI IDENTIFIER
Denetim Alanı MIRAKIL
005 - SON İŞLEM TARİHİ VE ZAMANI
Denetim Alanı 20181213155040.0
008 - SABİT-BOY VERİ ELEMANLARI - GENEL BİLGİLER
Sabit Uzunlukta Kontrol Alanı 161122b tu 000 0
020 ## - ULUSLARARASI STANDART KİTAP NUMARASI
Uluslararası Standart Kitap Numarası 9755124926
040 ## - KATALOGLAMA KAYNAK
Orijinal Kataloglama Ajansı Milas
Kataloglama Dili tur
Metne Dönüştürmek Ajansı TR-AnCHP
041 ## - DİL KODU
Metin / Ses Parça Veya Ayrı Başlığın Dil Kodu tur
082 ## - DEWEY ONLU SINIFLANDIRMA NUMARASI
Sınıflandırma Numarası 343.04
Ürün Numarası S66 2000
090 ## - SINIFLAMA NUMARASI
Sınıflama Numarası 343.04 S66 2000
245 ## - BAŞLIK TABLOSU
Başlık Sorularla vergi mevzuatı ve yatırım teşvikleri rehberi
Sorumluluk Tablosu, Vb Hazırlayanlar Sebahattin Benlikol, Birgül Subaşı
260 ## - YAYIN, DAĞITIM, VB
Yayın, Dağıtım, Vb Yeri İstanbul
Yayıncı, Dağıtıcı, Vs Adı İstanbul Ticaret Odası (İTO)
Yayın, Dağıtım, Vb Tarihi 2000
300 ## - FİZİKSEL TANIM
Kapsam 110 s.
Boyutlar 20 sm.
490 ## - SERİSİ TABLOSU
Seri Beyanı İstanbul Ticaret Odası Yayınları
Hacim / Ardışık Tanımı 37
650 ## - KONU KATMA GİRİŞ - TOPİKAL DÖNEM
Topikal Süreli Veya Coğrafi Ad Giriş Elemanı Yatırımlar
Genel Alt Bölümü Hukuk ve mevzuat
Kronolojik Alt Bölümü Rehberler
650 ## - KONU KATMA GİRİŞ - TOPİKAL DÖNEM
Topikal Süreli Veya Coğrafi Ad Giriş Elemanı Vergi hukuku
Genel Alt Bölümü Rehberler
700 ## - KATMA GİRİŞ - KİŞİSEL İSİM
Kişisel Ad Benlikol, Sabahattin
700 ## - KATMA GİRİŞ - KİŞİSEL İSİM
Kişisel Ad Subaşı, Birgül
942 ## - EKLENDİ GİRİŞ ELEMANLARI (KOHA)
Sınıflandırma Veya Raf Düzeni Kaynak Dewey Decimal Classification
Koha Öğesi Türü Books
999 ## - SİSTEM KONTROL NUMARALARI (KOHA)
Koha Biblionumber 5546
Koha Biblioitemnumber 5546
Holdings
Kalıcı Konum Mevcut Konum Edinme Tarihi Edinim Kaynak Toplam Check-Out'Lar Tam Çağrı Numarası Barkod Tarih Son Görülme İtibaren Geçerli Fiyatlar Koha Öğesi Türü
CHP Kütüphanesi CHP Kütüphanesi 11/22/2016 Bağış   343.04 S66 2000 008833 11/22/2016 11/22/2016 Books